000
00256nam a22000977a 4500
999
_c
521699
_d
521699
082
_a
TNC Z2x5442 Su16
100
_a
Subramanian, V.
_9
35865
245
_a
Parched Earth
_b
The Maharashtra Drought (1970-73)
260
_a
Bombay
_b
Orient Longman
300
_a
640p.